Ways of Explaining Behavior (Record no. 22816)
[ view plain ]
| 000 -LEADER | |
|---|---|
| fixed length control field | 00550nam a2200145Ia 4500 |
| 082 ## - DEWEY DECIMAL CLASSIFICATION NUMBER | |
| Classification number | RB.0276 |
| 100 ## - MAIN ENTRY--AUTHOR NAME | |
| Personal name | Babu, Nandita |
| Affiliation | Department of Psychology, University of Delhi |
| Place | Delhi, India |
| 245 #0 - TITLE STATEMENT | |
| Title | Ways of Explaining Behavior |
| Sub Title | :an attempt to evaluate theory of mind perspective in cultural context |
| 260 ## - PUBLICATION, DISTRIBUTION, ETC. (IMPRINT) | |
| Place of publication | Delhi, India |
| 300 ## - PHYSICAL DESCRIPTION | |
| Number of Pages | 201p |
| 504 ## - BIBLIOGRAPHY, ETC. NOTE | |
| Bibliography, etc | Including References |
| 536 ## - FUNDING INFORMATION NOTE | |
| Funding Agency | Indian Council of Social Science Research, New Delhi |
| 650 ## - SUBJECT ADDED ENTRY--TOPICAL TERM | |
| Topical Term | Human biology--Social aspects |
| Form subdivision | behaviour science |
| -- | human behaviour |
| 942 ## - ADDED ENTRY ELEMENTS (KOHA) | |
| Koha item type | Research Reports |
| Source of classification or shelving scheme | Dewey Decimal Classification |
| Withdrawn status | Lost status | Damaged status | Not for loan | Collection code | Home library | Current library | Date acquired | Source of acquisition | Bill Date | Full call number | Accession Number | Price effective from | Koha item type |
|---|---|---|---|---|---|---|---|---|---|---|---|---|---|
| Not For Loan | ICSSR Research Project Reports | NASSDOC Library | NASSDOC Library | 11/10/2018 | Gifted by : RP Division, ICSSR | 2018-07-05 | RB.0276 | 50060 | 18/04/2019 | Research Reports |
